Highest Grossing Marvel Movies - Statistics

General Stats
  • This quiz has been taken 82 times
    46 since last reset
  • The average score is 17 of 25
Answer Stats
# Money Earned Movie % Correct
1 $2,799,439,100 Avengers: Endgame (2019)
94%
4 $1,520,538,536 The Avengers (2012)
94%
7 $1,215,577,205 Iron Man 3 (2013)
90%
13 $880,166,924 Spider-Man: Homecoming (2017)
90%
3 $2,052,415,039 Avengers: Infinity War (2018)
87%
9 $1,131,927,996 Spider-Man: Far From Home (2019)
81%
5 $1,405,018,048 Avengers: Age of Ultron (2015)
77%
6 $1,349,926,083 Black Panther (2018)
77%
8 $1,155,046,416 Captain America: Civil War (2016)
77%
19 $825,025,036 Spider-Man (2002)
77%
2 $1,921,847,111 Spider-Man: No Way Home (2021)
77%
17 $853,983,911 Thor: Ragnarok (2017)
71%
20 $788,976,453 Spider-Man 2 (2004)
65%
12 $894,983,373 Spider-Man 3 (2007)
65%
10 $1,131,416,446 Captain Marvel (2019)
61%
25 $757,930,663 The Amazing Spider-Man (2012)
61%
23 $773,350,147 Guardians of the Galaxy (2014)
58%
15 $859,208,836 Black Panther: Wakanda Forever (2022)
52%
22 $782,836,791 Deadpool (2016)
52%
14 $863,756,051 Guardians of the Galaxy Vol. 2 (2017)
52%
18 $838,588,974 Guardians of the Galaxy Vol. 3 (2023)
52%
24 $760,928,081 Thor: Love and Thunder (2022)
52%
11 $955,775,804 Doctor Strange in the Multiverse of Madness (2022)
45%
21 $785,896,609 Deadpool 2 (2018)
42%
16 $856,085,151 Venom (2018)
32%
No matching quizzes found
Score Distribution
Percent of People with Each Score
Percentile by Number Answered
Your Score History
You have not taken this quiz since the last reset